|
|
|
|
| LEADER |
00906cam a2200217 7i4500 |
| 001 |
0000021366 |
| 005 |
20170320090000.0 |
| 008 |
090402 eng |
| 020 |
|
|
|a 0521532639 (pbk.)
|
| 090 |
0 |
0 |
|a T174.5
|b .R36 2004
|
| 245 |
0 |
0 |
|a Risk analysis and society :
|b an interdisciplinary characterization of the field
|c edited by Timothy McDaniels, Mitchell J.Small.
|
| 260 |
|
|
|a Cambridge, United Kingdom:
|b Cambridge University Press,
|c 2004.
|
| 300 |
|
|
|a ix, 468 p.:
|b ill.;
|c 23 cm.
|
| 504 |
|
|
|a Includes bibliographical references and index
|
| 650 |
0 |
0 |
|a Risk assessment --
|x Social aspects
|
| 650 |
0 |
0 |
|a Technology --
|x Risk assessment
|
| 700 |
1 |
|
|a McDaniels, Timothy
|
| 700 |
1 |
|
|a Small, MItchell J
|
| 997 |
|
|
|a Education & Social Sciences, Faculty
|b Social Sciences, Department
|
| 998 |
|
|
|a Industrial Psychology, Degree
|
| 999 |
|
|
|a 0000000354
|b BOK
|c OPEN SHELF
|e 2nd Floor, Bestari Jaya
|